00662nam a22001575i 4500001000700000003000900007005001700016008004100033040002000074100002300094245010200117260010100219300003800320711004700358852009900405164031ES-MaACL20230906212847.0050818s1889 uy b | |||||||| ||spa d aCAM bspa cCAM1 aRoustan, Honoré.13aLa République de l'Uruguay á l'exposition universelle de Paris 1889 / cpar Honoré Roustan. aMontevideo : b[s.n.], c1889 (fTipografía á vapor de "El Siglo", calle 25 de mayo, nº 58) aXIV, 110 p., [1] h. de map. pleg.2 aExposición Universal (d1889. cParís) aES-MaACLjT-786-F-3 z-- Enc. hol., conservando la enc. original z-- Enc. en un vol. facticio